Українська літературна газета №7 (Record no. 206105)

MARC details
001 - Ідентифікатор запису
Ідентифікатор запису 206105
101 ## - Мова
Мова українська
102 ## - Країна публікації/виробництва
Країна Україна
200 ## - Назва
Назва Українська літературна газета №7
Назва частини 2024
942 ## - Додаткові дані (Коха)
Тип одиниці Газети
000 -Маркер запису
Маркер (контрольне поле довжиною 24 байти) 00332nam 22001333 4500
005 - Ідентифікатор версії
Ідентифікатор версії 20240827152514.0
100 ## - Дані загальної обробки
Дані загальної обробки 20240827 ukry50
801 ## - Джерело походження запису
Код бібліографічного формату unimarc
Країна Україна
Правила каталогізації psbo
Holdings
Джерельне місце зберігання Поточне місце зберігання чи видачі Тип одиниці (рівень примірника) <br/>&nbsp; Штрих-код Джерело класифікації чи схема поличного розташування Дата внесення в Коха Стан списання <br/>&nbsp;<br/>&nbsp; Стан обігу (не для випожичання) Стан пошкодження Стан втрати/відсутності Дата, коли останній раз бачено примірник Дата останнього редагування примірника
Читальний зал Читальний зал Газети 2024/7ЛітГаз Універсальна десяткова класифікація (УДК) 27/08/2024         27/08/2024 2024-08-27 15:25:50
Читальний зал Читальний зал Газети 2025/7УкрЛіт Універсальна десяткова класифікація (УДК) 26/08/2025         26/08/2025 2025-08-26 11:02:08

Powered by Koha